Lịch sử 7 Sách giáo viên

Gardado en:
Detalles Bibliográficos
Autor Principal: Phan, Ngọc Liên
Outros autores: Nguyễn, Cảnh Minh
Formato: Libro
Idioma:Undetermined
Publicado: H. Giáo dục 2008
Những chủ đề:
Acceso en liña:http://lrc.tdmu.edu.vn/opac/search/detail.asp?aID=2&ID=4800
Các nhãn: Engadir etiqueta
Sen Etiquetas, Sexa o primeiro en etiquetar este rexistro!
Thư viện lưu trữ: Trung tâm Học liệu Trường Đại học Thủ Dầu Một
LEADER 00665nam a2200217Ia 4500
001 TDMU_4800
008 210410s9999 xx 000 0 und d
082 |a 900.72 
090 |b PH105 
100 |a Phan, Ngọc Liên 
245 0 |a Lịch sử 7 
245 0 |b Sách giáo viên 
245 0 |c Phan Ngọc Liên 
260 |a H. 
260 |b Giáo dục 
260 |c 2008 
300 |a 199tr 
650 |a Sách lớp 7  |v Giáo viên; Lịch sử  |x Dạy và học 
700 |a Nguyễn, Cảnh Minh 
856 |u http://lrc.tdmu.edu.vn/opac/search/detail.asp?aID=2&ID=4800 
980 |a Trung tâm Học liệu Trường Đại học Thủ Dầu Một